Nombra una provincia válida - Estadísticas

Estadísticas generales
  • Esta prueba ha sido intentada 50 veces
  • La puntuación promedio es 8 de 10
Estadísticas de respuestas
Pista Respuesta % Correcto
Se encuentre dentro de las 3 más grandes Badajoz | Cáceres | Ciudad Real
90%
De las 3 con más viajeros al año Madrid | Barcelona | Islas Baleares
90%
Con uno de los 3 puertos con más tráfico Cádiz | Barcelona | Valencia
83%
Con uno de los 3 picos mas altos de España Santa Cruz de Tenerife | Granada | Huesca
83%
Se hable un idioma cooficial y no tenga costa Lérida | Álava | Orense
81%
Menos pobladas que Valencia pero más que Cádiz Alicante | Sevilla | Málaga | Murcia
79%
Limita con exactamente 2 provincias Gerona | A Coruña | Almería
79%
Se encuentre dentro de las 3 menos pobladas Soria | Teruel | Segovia
79%
Se encuentre dentro de las 3 con mas municipios Burgos | Salamanca | Barcelona
77%
Limte con más de 1 país Lérida
69%
No se encontraron pruebas coincidentes
Distribución de puntuación
Porcentaje de gente con cada puntuación
Porcentaje por número respondido
Historial de tus puntuaciones
No has intentado esta prueba.